Normal view
MARC view
Entry Topical Term
001 - CONTROL NUMBER
- control field: 36099
003 - CONTROL NUMBER IDENTIFIER
- control field: ARRUPE
005 - DATE AND TIME OF LATEST TRANSACTION
- control field: 20170921124146.0
008 - FIXED-LENGTH DATA ELEMENTS
- fixed length control field: 170921|| aca||aabn | a|a d
040 ## - CATALOGING SOURCE
- Original cataloging agency: ARRUPE
- Transcribing agency: ARRUPE
150 ## - HEADING--TOPICAL TERM
- Topical term or geographic name as entry element: Economic geography.
670 ## - SOURCE DATA FOUND
- Source citation: Work cat.: (ARRUPE)93867: Dicken, Peter. 36098, Modern western society :, 1981.